Arrested Development Trivia - Statistics

General Stats
  • This quiz has been taken 186 times
  • The average score is 9 of 15
Answer Stats
Question Answer % Correct
What does Annyong mean? Hello
95%
What is G.O.B's preferred method of transport? Segway
88%
What does Tobias suffer from? Never Nude
87%
Which Bluth child was adopted? (Excluding Annyong) Lindsay Bluth-Fünke
86%
What is Lucille 2’s last name? Austero
85%
What is the name of the spy that always catches Lucille by surprise? Gene Parmesan
68%
Which comedian plays the eccentric Tobias Fünke? David Cross
66%
Which comedian played G.O.B's wife? Amy Poehler
65%
What song did Maeby and Michael sing together at the Christmas Party? Afternoon Delight
63%
What was the seal wearing when it bite of Buster's hand? A bow-tie
62%
What does MRF mean? Mentally Retarded Female
61%
Who is Ice? A Bounty Hunter
50%
What association did G.O.B start? The Alliance of Magicians
17%
What does S.O.B stand for? Save Our Bluths
16%
What song does G.O.B and Franklin sing together? It's Not Easy Being White
12%
No matching quizzes found
Score Distribution
Percent of People with Each Score
Percentile by Number Answered
Your Score History
You have not taken this quiz